000 00821nam a2200253Ia 4500
003 OSt
005 20220923224239.0
006 a|||||r|||| 00| 0
007 ta
008 220922b |||||||| |||| 00| 0 hin d
024 _a229,902
037 _cTextual
040 _aARTS
_cARTS
_bhin
041 _2hin
_ahin
082 _aO152,3N256x, N7
100 _aअमरकान्त
_9156277
245 0 _aदस प्रतिनिधि कहानियॉं
246 _aDas pratinidhi kahāniyaॉan
260 _aनयी दिल्ली
_b किताबघर प्रकाशन
_c1997
300 _a92पृ.
_ccm.
650 _aहिन्दी साहित्य
_9156264
942 _hO152,3N256x, N7
_cTEXL
_2CC
999 _c370166
_d370166